000 01138cam a2200313 i 4500
001 200466269
003 TR-AnTOB
005 20260304152706.0
007 ta
008 131125s1963 gw ab 000 0 tur d
040 _aGWDNB
_bger
_erda
_cGWDNB
_dBGZ
_dTR-AnTOB
041 1 _atur
_hger
050 4 _aPT2623.U482
_bK419 1963
090 _aPT2623.U482
_bK419 1963
100 1 _aLütgen, Kurt,
_d1911-1992
_eauthor
_916909
240 1 0 _aKein Winter für Wölfe.
_lTurkish
245 1 0 _aKurtları yıldıran kış :
_bGrönland ve Alaska arasında geçen maceralı bir hayatın hikâyesi /
_cKurt Lütgen ; çeviren S. Türkis Noyan.
264 1 _aİstanbul :
_bDoğan Kardeş Yayınları,
_c1963.
300 _a304 pages :
_billustrations, maps ;
_c20 cm
336 _atext
_btxt
_2rdacontent
337 _aunmediated
_bn
_2rdamedia
338 _avolume
_bnc
_2rdacarrier
500 _aOriginal title: Kein Winter für Wölfe.
650 7 _aAlman edebiyatı
_2etuturkob
_916072
650 7 _aAlman romanı
_2etuturkob
_999760
700 1 _aNoyan, Selma Türkis,
_d1926-
_etranslator
_9123820
942 _2lcc
_cBK
999 _c200466269
_d84481